| 000 | 00400nam a22001697a 4500 | ||
|---|---|---|---|
| 003 | NUST - PNEC | ||
| 005 | 20170116181112.0 | ||
| 008 | 151003b xxu||||| |||| 00| 0 eng d | ||
| 020 | _a- | ||
| 040 | _cLIBRARY | ||
| 082 | _a657.458 VAR | ||
| 100 |
_912973 _aVarma |
||
| 245 |
_aManagement accounting _cVarma |
||
| 260 | _cc.1991 | ||
| 650 |
_912975 _aManagement accounting _xMIS |
||
| 942 |
_2ddc _cBK |
||
| 999 |
_c69152 _d69152 |
||